Entry Personal Name
Number of records used in: 1
001 - CONTROL NUMBER
003 - CONTROL NUMBER IDENTIFIER
005 - DATE AND TIME OF LATEST TRANSACTION
- control field:
20180816120449.0
008 - FIXED-LENGTH DATA ELEMENTS
- fixed length control field:
180816|| aca||aabn | a|a d
040 ## - CATALOGING SOURCE
- Original cataloging agency:
OSt
- Transcribing agency:
OSt
100 ## - HEADING--PERSONAL NAME
- Personal name:
Ghemawas, Pankaj
670 ## - SOURCE DATA FOUND
- Source citation:
Work cat.: (OSt)2889: Ghemawas, Pankaj, Strategy and the Business Landscape : text and cases, 2004